| Tag |
First Indicator |
Second Indicator |
Subfields |
| LEADER |
00000cam a22000001a 4500 |
| 001 |
in00003285621 |
| 006 |
m d f |
| 007 |
cr bn mmmapmmp |
| 008 |
110909s2006 dcu o f000 0 eng d |
| 005 |
20260604202023.9 |
| 035 |
|
|
|a chdc200600637
|
| 040 |
|
|
|a ProQuest
|c ProQuest
|d UtOrBLW
|
| 043 |
|
|
|a n-us---
|
| 074 |
|
|
|a 1023-A
|
| 074 |
|
|
|a 1023-A (online)
|
| 074 |
|
|
|a 1023-B (MF)
|
| 074 |
|
|
|a 1023-B (online)
|
| 088 |
|
|
|a Serial no. 109-29 (United States. Congress. House. Committee on Resources)
|
| 099 |
|
|
|a HRG-2005-HRC-0067
|
| 110 |
1 |
|
|a United States.
|b Congress.
|b House.
|b Committee on Resources.
|b Subcommittee on Energy and Mineral Resources.
|
| 245 |
1 |
4 |
|a The benefits of offshore oil and gas development :
|b oversight field hearing before the Subcommittee on Energy and Mineral Resources of the Committee on Resources, U.S. House of Representatives, One Hundred Ninth Congress, first session, Saturday, August 13, 2005, in Port Fourchon, Louisiana.
|
| 264 |
|
1 |
|a Washington :
|b U.S. G.P.O. :
|c 2006.
|
| 264 |
|
2 |
|a Washington :
|b For sale by the Supt. of Docs., U.S. G.P.O.,
|
| 300 |
|
|
|a 1 online resource.
|
| 336 |
|
|
|a text
|b txt
|2 rdacontent
|
| 337 |
|
|
|a computer
|b c
|2 rdamedia
|
| 338 |
|
|
|a online resource
|b cr
|2 rdacarrier
|
| 500 |
|
|
|a Distributed to some depository libraries in microfiche.
|
| 500 |
|
|
|a Shipping list number: 2006-0127-P.
|
| 500 |
|
|
|a "Serial number 109-29."
|
| 530 |
|
|
|a Also available via Internet from the GPO Access web site. Addresses as of 3/7/06: http://frwebgate.access.gpo.gov/cgi-bin/getdoc.cgi?dbname=109%5Fhouse%5Fhearings&docid=f:23439.wais (text version), http://frwebgate.access.gpo.gov/cgi-bin/getdoc.cgi?dbname=109%5Fhouse%5Fhearings&docid=f:23439.pdf (PDF version); current access available via PURLs.
|
| 500 |
|
|
|a Reuse of record except for individual research requires license from ProQuest, LLC.
|
| 500 |
|
|
|a Electronic resource.
|
| 538 |
|
|
|a System requirements: PDF reader software.
|
| 650 |
|
0 |
|a Offshore oil industry
|z Louisiana
|z Gulf Coast.
|
| 650 |
|
0 |
|a Offshore gas industry
|z Louisiana
|z Gulf Coast.
|
| 655 |
|
7 |
|a Electronic books.
|2 local
|
| 710 |
2 |
|
|a ProQuest (Firm)
|
| 776 |
0 |
8 |
|i Print version:
|a United States.Congress.House.Committee on Resources.Subcommittee on Energy and Mineral Resources.
|t Benefits of offshore oil and gas development
|w (DLC)2006372326
|w (OCoLC)ocm64557345
|z 0160755719
|
| 776 |
0 |
8 |
|i Microfiche version:
|a United States.Congress.House.Committee on Resources.Subcommittee on Energy and Mineral Resources.
|t Benefits of offshore oil and gas development
|d [Bethesda, Md.] : ProQuest LLC, [2004]
|o CIS 2006 H651-7
|w (ProQuest)cis00601024
|
| 830 |
|
0 |
|a U.S. Congressional Hearings.
|
| 856 |
4 |
0 |
|u http://proxy.library.tamu.edu/login?url=https://congressional.proquest.com/congcomp/getdoc?HEARING-ID=HRG-2005-HRC-0067
|z Connect to the full text of this electronic book
|t 0
|
| 998 |
|
|
|a cis00601024
|
| 999 |
|
|
|a MARS
|
| 999 |
f |
f |
|s 1954a5d3-0297-3f6c-a97d-6846327a5785
|i c2ba2d46-da33-3f95-abee-c68bbf8efe1c
|t 0
|
| 952 |
f |
f |
|a Texas A&M University
|b College Station
|c Electronic Resources
|s www_evans
|d Available Online
|t 0
|e HRG-2005-HRC-0067
|h Other scheme
|
| 998 |
f |
f |
|a HRG-2005-HRC-0067
|t 0
|l Available Online
|